[Event "COL-ch (Women)"]
[Site "Cartagena"]
[Date "2023.06.10"]
[Round "5"]
[White "Matta, Paola Andrea"]
[Black "Alvarado Quintero, Laura Natalia"]
[Result "1-0"]
[WhiteElo "1911"]
[BlackElo "1398"]
[PlyCount "65"]
[EventDate "2023.06.08"]
[EventType "swiss"]
[EventRounds "9"]
[EventCountry "COL"]
[SourceTitle "CBM 215 Extra"]
[Source "ChessBase"]
[SourceDate "2023.09.30"]
[SourceVersion "1"]
[SourceVersionDate "2023.09.30"]
[SourceQuality "1"]

1. c4 c5 2. Nf3 Nc6 3. g3 Nf6 4. b3 e5 5. Bb2 d6 6. Bg2 h6 7. d3 Be6 8. 0-0 Qd7 9. Re1 Be7 10. e3 Bh3 11. Bh1 0-0-0 12. d4 exd4 13. exd4 Qg4 14. d5 Ne5 15. Nxe5 Qxd1 16. Rxd1 dxe5 17. Bxe5 Bd6 18. Bxd6 Rxd6 19. Nc3 a6 20. Re1 h5 21. Re7 Re8 22. Rxf7 g6 23. Bg2 Bf5 24. h3 Nd7 25. Rg7 Rf6 26. Rd1 Kd8 27. d6 Kc8 28. Re7 Re6 29. Rxe8+ Rxe8 30. Nd5 Kd8 31. Ne7 Bc2 32. Rd2 Bb1 33. Bxb7 1-0

[Event "COL-ch (Women)"]
[Site "Cartagena"]
[Date "2023.06.08"]
[Round "2"]
[White "Pinillo Canon, Silvana"]
[Black "Alvarado Quintero, Laura Natalia"]
[Result "1/2-1/2"]
[WhiteElo "1841"]
[BlackElo "1398"]
[PlyCount "93"]
[EventDate "2023.06.08"]
[EventType "swiss"]
[EventRounds "9"]
[EventCountry "COL"]
[SourceTitle "CBM 215 Extra"]
[Source "ChessBase"]
[SourceDate "2023.09.30"]
[SourceVersion "1"]
[SourceVersionDate "2023.09.30"]
[SourceQuality "1"]

1. e4 c5 2. Nf3 d6 3. Bb5+ Bd7 4. c4 Nc6 5. d4 cxd4 6. Nxd4 Nf6 7. Nc3 g6 8. h3 Bg7 9. Be3 0-0 10. 0-0 a6 11. Ba4 Rc8 12. Nxc6 Bxc6 13. f3 Qa5 14. Bb3 Rfe8 15. Rc1 Nd7 16. a3 b5 17. Qd2 Ba8 18. cxb5 axb5 19. Bd4 Ne5 20. Rfd1 Nc4 21. Bxc4 Rxc4 22. Bxg7 Kxg7 23. b3 Qb6+ 24. Kh1 Rc7 25. Qb2 Kg8 26. Nd5 Bxd5 27. Rxc7 Qxc7 28. Rxd5 Rb8 29. e5 Qc6 30. Rd1 Rd8 31. Rc1 Qd5 32. exd6 Qxd6 33. b4 Qf4 34. Kg1 Qe3+ 35. Kh1 e5 36. Qa1 Rd3 37. Rc8+ Kg7 38. Rc5 Qd4 39. Qxd4 exd4 40. Rxb5 Rxa3 41. Rd5 d3 42. Kg1 Rb3 43. b5 d2 44. Rxd2 Rxb5 45. Rd6 Re5 46. Kf2 h5 47. h4 1/2-1/2

[Event "COL-chT (Women)"]
[Site "Bucaramanga"]
[Date "2022.09.08"]
[Round "3.4"]
[White "Alvarado Quintero, Laura Natalia"]
[Black "Rincon Fuquen, Angie Lizeth"]
[Result "0-1"]
[WhiteElo "1321"]
[BlackElo "1469"]
[PlyCount "78"]
[EventDate "2022.09.06"]
[EventType "team-swiss"]
[EventRounds "6"]
[EventCountry "COL"]
[SourceTitle "CBM 210 Extra"]
[Source "ChessBase"]
[SourceDate "2022.11.30"]
[SourceVersion "1"]
[SourceVersionDate "2022.11.30"]
[SourceQuality "1"]
[WhiteTeam "Cundinamarca (W)"]
[BlackTeam "Boyaca (W)"]
[WhiteTeamCountry "COL"]
[BlackTeamCountry "COL"]

1. e4 e6 2. d3 d5 3. Nd2 c5 4. Ngf3 Nf6 5. g3 Nc6 6. Bg2 Be7 7. 0-0 0-0 8. Re1 d4 9. e5 Nd5 10. Nf1 Qc7 11. h4 f6 12. exf6 gxf6 13. N1h2 Bd6 14. Qe2 Qg7 15. Nd2 f5 16. Nc4 Bc7 17. Kh1 Bd7 18. Nf3 Rae8 19. Nfe5 Nxe5 20. Nxe5 Bc6 21. Nxc6 bxc6 22. Rg1 e5 23. Bxd5+ cxd5 24. Qh5 Qg6 25. Qh6 Qxh6 26. Bxh6 Rf6 27. Bd2 e4 28. dxe4 fxe4 29. Bf4 Bxf4 30. gxf4+ Kf7 31. Rg5 Rd8 32. f5 h6 33. Rh5 Rg8 34. Rg1 Rxg1+ 35. Kxg1 Ke7 36. Kf1 Kd6 37. Ke2 Ke5 38. f3 Kf4 39. Kf2 exf3 0-1

[Event "COL-chT (Women)"]
[Site "Bucaramanga"]
[Date "2022.09.07"]
[Round "2.4"]
[White "Cupaban Alonso, Luciana"]
[Black "Alvarado Quintero, Laura Natalia"]
[Result "1-0"]
[WhiteElo "1118"]
[BlackElo "1321"]
[PlyCount "83"]
[EventDate "2022.09.06"]
[EventType "team-swiss"]
[EventRounds "6"]
[EventCountry "COL"]
[SourceTitle "CBM 210 Extra"]
[Source "ChessBase"]
[SourceDate "2022.11.30"]
[SourceVersion "1"]
[SourceVersionDate "2022.11.30"]
[SourceQuality "1"]
[WhiteTeam "Santander (W)"]
[BlackTeam "Cundinamarca (W)"]
[WhiteTeamCountry "COL"]
[BlackTeamCountry "COL"]

1. e4 c5 2. Nf3 d6 3. d4 cxd4 4. Nxd4 Nf6 5. Nc3 g6 6. Bd3 Bg7 7. Bc4 0-0 8. 0-0 Bd7 9. Re1 Nc6 10. Nxc6 Bxc6 11. e5 dxe5 12. Qxd8 Raxd8 13. Rxe5 Ng4 14. Rxe7 Bxc3 15. bxc3 Rd1+ 16. Bf1 Bb5 17. Bb2 Rfd8 18. c4 Rxa1 19. Bxa1 Bc6 20. Be2 Kf8 21. Rc7 Nh6 22. Bf6 Re8 23. Kf1 Ng8 24. Bc3 Nh6 25. Bf3 Bxf3 26. gxf3 Rb8 27. Bd4 a6 28. a4 Nf5 29. Be5 Ke8 30. Ke2 b6 31. Ra7 Rc8 32. Rxa6 Rxc4 33. c3 Ke7 34. Kd3 Rc5 35. Bd4 Rd5 36. Rxb6 Kd7 37. Ra6 Kc7 38. a5 Nd6 39. Ra8 Nc8 40. a6 Nb6 41. Ra7+ Kd6 42. c4 1-0